000 00599nam a2200241 a 4500
001 nice12345678
003 IN_TiNIC
005 20260116012124.0
008 050524s1925 newa grp 000 0 eng
020 _a
_c100
082 0 0 _a268.6
_bBET
100 _aBetts, George Herbert
245 _aMethod in Teaching Religion.
260 _aNew York
_bAbingdon Press
_c1925
300 _a488p
500 _aincludes index and biblioraphy
505 2 _aIndex
650 _aChristian Education & Training
700 1 _aBetts, George Herbert
902 _bSRS
942 _cBK
999 _c5731
_d5731